000 00600nam a2200205Ii 4500
003 JO-AjNU
008 230605s9999||||xx |||||||||||||| ||und||
040 _aJO-AjNU
_bara
_erda
_cJO-AjNU
041 _aara
050 1 4 _a PJ7846.I5 S5 1998
100 3 _aمينا، حنا,
_eauthor
_917258
245 0 0 _aالشمس في يوم غائم
250 _aط7
264 3 1 _aد.م: دار الاداب، 1998
300 _a294ص
336 _atext
_btxt
_2rdacontent
337 _aunmediated
_bn
_2rdamedia
338 _avolume
_bnc
_2rdacarrier
650 4 _aالأدب العربي - روايات
_917259
999 _aA5293
_c8861
_d8861